| 000 | 00612nam a2200217 a 4500 | ||
|---|---|---|---|
| 999 |
_c638 _d638 |
||
| 003 | BD-JhCC | ||
| 005 | 20190704134014.0 | ||
| 008 | 171008s2007 ii p|||| |||| 00| 0 eng d | ||
| 020 | _a139780521732185 | ||
| 035 | _a(BD-JhCC) | ||
| 040 |
_aBD-JhCC _dBD-JhCC |
||
| 041 | _aeng | ||
| 082 |
_222 _a421.55 _bMAR 2007 |
||
| 100 | _aMarks, Jonathan | ||
| 245 |
_aEnglish Pronunciation in Use Elementary / _cJonathan Marks |
||
| 260 |
_aNew Delhi : _bCambridge University Press, _c2007. |
||
| 300 |
_a166 p. : _bill. ; _c26 cm. |
||
| 650 |
_aEnglish Language _xProunciation |
||
| 942 |
_2ddc _cBK _01 |
||